| 000 | 01260nam a22002297a 4500 | ||
|---|---|---|---|
| 999 |
_c58714 _d58714 |
||
| 005 | 20220705112452.0 | ||
| 008 | 220705s2001ge xxu||||| |||| 00| 0 ger d | ||
| 020 | _a9783934471122 | ||
| 041 | _ager | ||
| 080 | _a376 M-78 | ||
| 245 |
_aMobilität und lebenspraktische Fertigkeiten im Unterricht mit sehges chädigten Kindern und Jugendlichen / _cBruno Schor; Rosa Maria Weiß-Gschwendtner; Wolfgang Bosch |
||
| 264 |
_awurzbug: _bedition bentheim, _c2001. |
||
| 300 |
_a251 p.: _bIllust; _cDiagr; _e23 cm. |
||
| 653 | _aMobilität und lebenspraktische Fertigkeiten im Unterricht mit sehgeschädigten Kindern und Jugendlichen | ||
| 653 | _aმობილურობა და ცხოვრების პრაქტიკული უნარები საკლასო ოთახში მხედველობის დაქვეითებულ ბავშვებსა და ახალგაზრდებში | ||
| 653 | _aპედაგოგიკა | ||
| 700 |
_aBruno, Schor _914287 |
||
| 700 |
_a Rosa Maria Weiß-Gschwendtner; _914288 |
||
| 700 |
_a Wolfgang, Bosch _914289 |
||
| 710 |
_a; Staatsinstitut für Schulpädagogik und Bildungsforschung (München). Abteilung Förderschulen _914290 |
||
| 942 |
_2udc _cBK |
||